000
00270nam a2200109Ia 4500
008
220120s9999||||xx |||||||||||||| ||und||
100
_a
Hubbard,Ron,L
245
4
_a
The Problems of Work
260
_a
Hubbard
_b
New Delhi
300
_a
IX,758p.
_b
0
650
_a
GENERAL BOOKS
999
_c
137358
_d
137358